Normal view
MARC view
Entry Topical Term
001 - CONTROL NUMBER
- control field: 1237504
003 - CONTROL NUMBER IDENTIFIER
- control field:
005 - DATE AND TIME OF LATEST TRANSACTION
- control field: 20210629110527.0
008 - FIXED-LENGTH DATA ELEMENTS
- fixed length control field: 210629|| aca||aabn | a|a d
040 ## - CATALOGING SOURCE
- Original cataloging agency:
- Transcribing agency:
150 ## - HEADING--TOPICAL TERM
- Topical term or geographic name entry element: Construction industry
- Geographic subdivision: Developing countries
- Form subdivision: Congresses
670 ## - SOURCE DATA FOUND
- Source citation: Work cat.: ()1312787: United Nations Industrial Development Organization. Expert Group (Meeting) (1973: Vienna, Austria) 1237503, The Construction industry in developing countries:, 1974.
